|
|
|
|
| LEADER |
00674nam a2200253 4500 |
| 001 |
DLU040029580 |
| 005 |
##11/2/1998 |
| 041 |
# |
# |
|a eng
|
| 082 |
# |
# |
|a 543.08
|b ST-H
|
| 100 |
# |
# |
|a Strobel, Howard A.
|
| 245 |
# |
# |
|a Chemical instrumentation :
|b a systematic approach /
|c [by] Howard A. Strobel
|
| 250 |
# |
# |
|a 2nd ed.
|
| 260 |
# |
# |
|a Reading, Mass.,
|b Addison-Wesley Pub. Co.;
|c [1973]
|
| 300 |
# |
# |
|a xxii, 903 p.,
|b ill.;
|c 25 cm
|
| 504 |
# |
# |
|a Includes bibliographical references
|
| 992 |
# |
# |
|a 18000
|
| 994 |
# |
# |
|a DLU
|
| 900 |
# |
# |
|a True
|
| 911 |
# |
# |
|a Thái Thị Thanh Thủy
|
| 925 |
# |
# |
|a G
|
| 926 |
# |
# |
|a A
|
| 927 |
# |
# |
|a SH
|
| 980 |
# |
# |
|a Thư viện Trường Đại học Đà Lạt
|